| 000 -LEADER |
| fixed length control field |
00923nam a2200241Ia 4500 |
| 001 - CONTROL NUMBER |
| control field |
2233 |
| 003 - CONTROL NUMBER IDENTIFIER |
| control field |
GE_BSU |
| 005 - DATE AND TIME OF LATEST TRANSACTION |
| control field |
20221021120424.0 |
| 008 - FIXED-LENGTH DATA ELEMENTS--GENERAL INFORMATION |
| fixed length control field |
181216s1988ru xx |||||||||||||| ||rus|| |
| 040 ## - CATALOGING SOURCE |
| Transcribing agency |
GE_BSU |
| 041 ## - LANGUAGE CODE |
| Language code of text/sound track or separate title |
rus |
| 080 ## - UNIVERSAL DECIMAL CLASSIFICATION NUMBER |
| Universal Decimal Classification number |
340.6 К-88 |
| 100 ## - MAIN ENTRY--PERSONAL NAME |
| Personal name |
Кудряцев, И.А. |
| 9 (RLIN) |
15431 |
| 245 ## - TITLE STATEMENT |
| Title |
Судебная Психолого-Психиатрическая Экспертиза / |
| Statement of responsibility, etc. |
И.А. Кудряцев,[Ред Шубин. Ю.А. художнтк В.И. Бай] |
| 264 ## - PRODUCTION, PUBLICATION, DISTRIBUTION, MANUFACTURE, AND COPYRIGHT NOTICE |
| Place of production, publication, distribution, manufacture |
Москва : |
| Name of producer, publisher, distributor, manufacturer |
Юридическая литература, |
| Date of production, publication, distribution, manufacture, or copyright notice |
1988. |
| 300 ## - PHYSICAL DESCRIPTION |
| Extent |
233 с.: |
| 653 ## - INDEX TERM--UNCONTROLLED |
| keyword |
Психология |
| 653 ## - INDEX TERM--UNCONTROLLED |
| keyword |
Психолого-Психиатрическая Эпертиза. |
| 653 ## - INDEX TERM--UNCONTROLLED |
| keyword |
ფსიქოლოგია |
| 700 ## - ADDED ENTRY--PERSONAL NAME |
| Personal name |
Шубин. Ю.А |
| Relator term |
რედაქტორი |
| 9 (RLIN) |
15432 |
| 700 ## - ADDED ENTRY--PERSONAL NAME |
| Personal name |
Бай, В.И. |
| Relator term |
მხატვარი |
| 9 (RLIN) |
15433 |
| 942 ## - ADDED ENTRY ELEMENTS (KOHA) |
| Koha item type |
წიგნი |
| Source of classification or shelving scheme |
|